000 01210nam a22002537a 4500
001 3963
003 FISKH
005 20240529084114.0
008 240528b cb ||||| |||| 00| 0 eng d
020 _a9780802131782
040 _aFISKH
_beng
_cFISKH
_dFISKH
050 _aPS3525.I5454
082 _a813.52
100 _aMiller Henry
_d1891-1980
245 _aTropic of cancer /
_cHenry Miller
260 _aNew York :
_bGrove Press,
_c1961
300 _a318 pages :
_c21 cm
505 _aQ
520 _aNow hailed as an American classic, Tropic of Cancer, Henry Miller's masterpiece, was banned as obscene in this country for twenty-seven years after its first publication in Paris in 1934. Only a historic court ruling that changed American censorship standards, ushering in a new era of freedom and frankness in modern literature, permitted the publication of this first volume of Miller's famed mixture of memoir and fiction, which chronicles with unapologetic gusto the bawdy adventures of a young expatriate writer, his friends, and the characters they meet in Paris in the 1930s.
521 8 _aQ
_bRaz-Plus
700 _aHenry Miller
942 _2ddc
_cBK
_n0
999 _c3963
_d3963